| 000 | 01184cam a22003615a 4500 | ||
|---|---|---|---|
| 001 | 014669683 | ||
| 003 | OSt | ||
| 005 | 20220509112050.0 | ||
| 008 | 081107r20132002stk f b 001 0 eng d | ||
| 020 | _a9780748633609 (hbk.) | ||
| 020 | _a074863360X (hbk.) | ||
| 020 | _a9780748633616 (pbk.) | ||
| 020 | _a0748633618 (pbk.) | ||
| 035 | _a(StEdNL)4209873 | ||
| 040 |
_aStDuBDS _beng _erda _cStDuBDS _dStEdNL _dUk _dEG-ScBUE |
||
| 082 | 0 | 4 |
_a425 _bMIL _222 |
| 100 | 1 |
_aMiller, J. E. _q(James Edward), _d1942- _eauthor. |
|
| 245 | 1 | 3 |
_aAn introduction to English syntax / _cJim Miller. |
| 250 |
_aSecond edition, _bReprint edition. |
||
| 264 | 1 |
_aEdinburgh : _bEdinburgh University Press, _c2013. |
|
| 300 |
_axii, 207 pages ; _c22 cm. |
||
| 336 |
_2rdacontent _atext _btxt |
||
| 337 |
_2rdamedia _aunmediated _bn |
||
| 338 |
_2rdacarrier _avolume _bnc |
||
| 490 | 0 | _aEdinburgh textbooks on the English language | |
| 500 | _aReprint of the 2002 ed. | ||
| 504 | _aIncludes bibliographical references and index. | ||
| 650 | 7 |
_aEnglish language _xSyntax. _2BUEsh _940636 |
|
| 651 | _2BUEsh | ||
| 653 |
_bHHUUEENN _cOctober2016 |
||
| 655 |
_vReading book _934232 |
||
| 942 |
_2ddc _cBB |
||
| 999 |
_c22578 _d22550 |
||